Gender and higher education management: western and eastern european perspectives

Bibliographic Details
Main Authors: Parsons, Elizabeth (Author), Saveľjev, Iľja (Author), Šmelova, Svitlana A. (Author)
Format: Article
Language:Slovak
English
PhysicalDescription:Grafy
ISSN:0323-262X
Subjects:

MARC

LEADER 00000nab a2200000 a 4500
001 vtls000868501
003 SK-MaSNL
005 20260304120656.0
008 250429c2004 xo 0 slo
015 |a SNBRB2004/04-10929 
035 |a CLN000220053 
035 |a urn:nbn:sk:snk-ab2enb 
035 |a (urnnbn)urn:nbn:sk:snk:ar-a02b37 
035 |a (uuid)9ccd928f-aab5-4079-a5cc-11b2cc718b43 
040 |a SNKBUCL  |b slo  |c SNKBUCL  |e AACR2 
041 0 |a eng 
044 |a xo  |c SK 
080 |a 396(4-11:4-15)  |2 1997 
100 1 |a Parsons, Elizabeth  |4 aut  |9 1424901 
245 1 0 |a Gender and higher education management: western and eastern european perspectives  |c Elizabeth Parsons, Svitlana A. Shmelova, Illya Saveľyev 
300 |b Grafy 
504 |a Bibliogr. odkazy 
504 |a Res. angl., slov. 
650 0 7 |a ženy  |x postavenie spoločenské  |z Európa východná  |z Európa západná  |x porovnanie  |2 snkbucl  |9 1424902 
655 7 |a články z novín a časopisov  |2 snkbucl  |9 267496 
700 1 |a Saveľjev, Iľja  |4 aut  |9 1424903 
700 1 |a Šmelova, Svitlana A.  |4 aut  |9 1424904 
773 0 |t Ekonomické rozhľady  |g Roč. 33, č. 1 (2004), s. 18-31  |x 0323-262X 
850 |a Slovenská národná knižnica 
852 |a Slovenská národná knižnica 
958 |a article27 
958 |a NB 
958 |a OND 
958 |a EUIPO 
992 |a RBX 
999 |c 2881007  |d 2882937